000
00319nam a2200133Ia 4500
008
240624s9999 xx 000 0 und d
041
_a
eng
082
_a
331.70233 GUP
100
_a
GUPTA VIBHA
245
_a
CAREERS A PATHFINDER
260
_c
2004
_a
New Delhi
_b
Tata McGrawhill
300
_a
xxviii, : 666
365
_c
RS
999
_c
1206
_d
1206